000 02329nam0a2200337 i 4500
001 RU\NLR\BIBL_A\010886882
005 20240921151633.0
010 _a9785931903101
_9100
021 _aRU
_b2015-81115
_94925
035 _a(NILC)RuMoRGB-008047391
035 _a(NLR Aleph) 010886882
090 _a10531108
_c10531108
100 _a20151111d2015 u y0rusy50 ca
101 0 _arus
102 _aRU
105 _a |||z|||000
200 1 _aСтатистическая обработка материалов исследования на компьютере
_eучебно-методическое пособие
_eнаправление подготовки 050100 Педагогическое образование, профиль "Физкультурное образование", профиль "Образование в области безопасности жизнедеятельности", направление подготовки 034400 Физическая культура для лиц с отклонением в состоянии здоровья (адаптивная физическая культура)
_fР. М. Гимазов
_gДепартамент образования и молодежной политики Ханты-Мансийского авт. окр. - Югры, Гос. образовательное учреждение высш. проф. образования Ханты-Мансийского авт. окр. - Югры "Сургутский гос. пед. ун-т"
210 _aСургут
_cСургутский гос. пед. ун-т
_d2015
215 _a138 с.
_cцв. ил.
_d21
300 _aНа 4-й с. обл. авт.: Гимазов Р.М., к.п.н.
320 _aБиблиогр.: с. 119-120 (23 назв.)
606 1 _aФизическая культура и спорт
_jУчебно-методические пособия
_xНаучно-исследовательская работа
_xСтатистические методы
_92260323
_3RU\NLR\AUTH\6601585165
675 _a796/799
686 1 _aЧ51в6я7
700 1 _aГимазов
_bР. М.
_gРинат Маратович
801 0 _aRU
_bРГБ
_c20151019
_gRCR
801 2 _aRU
_bРГБ
_c20151023
_grcr
942 _cBOOK
980 _aNBR